Countries by Largest and Smallest Population Density and HDI - Statistics

General Stats
  • This quiz has been taken 23 times
  • The average score is 42 of 64
Answer Stats
Question Tile Select % Correct
The 8 Countries with the Highest Population Density Comoros No
95%
The 8 Countries with the Lowest HDI (Human Development Index) Guinea No
95%
The 8 Countries with the Highest Population Density Tonga No
95%
The 8 Countries with the Highest HDI (Human Development Index) Austria No
91%
The 8 Countries with the Highest HDI (Human Development Index) Belgium No
91%
The 8 Countries with the Lowest Population Density Bolivia No
91%
The 8 Countries with the Highest HDI (Human Development Index) Norway Yes
91%
The 8 Countries with the Highest Population Density Singapore Yes
91%
The 8 Countries with the Highest HDI (Human Development Index) United Kingdom No
91%
The 8 Countries with the Lowest Population Density Australia Yes
86%
The 8 Countries with the Highest Population Density Barbados No
86%
The 8 Countries with the Lowest HDI (Human Development Index) Central African Republic Yes
86%
The 8 Countries with the Lowest Population Density Mongolia Yes
86%
The 8 Countries with the Lowest HDI (Human Development Index) South Sudan Yes
86%
The 8 Countries with the Highest HDI (Human Development Index) Switzerland Yes
86%
The 8 Countries with the Lowest Population Density Central African Republic No
82%
The 8 Countries with the Lowest HDI (Human Development Index) Guinea-Bissau No
82%
The 8 Countries with the Highest HDI (Human Development Index) Iceland Yes
82%
The 8 Countries with the Lowest HDI (Human Development Index) Malawi No
82%
The 8 Countries with the Lowest HDI (Human Development Index) Niger Yes
82%
The 8 Countries with the Highest Population Density Vatican City Yes
82%
The 8 Countries with the Highest Population Density Bangladesh Yes
77%
The 8 Countries with the Lowest Population Density Gabon No
77%
The 8 Countries with the Highest Population Density Monaco Yes
77%
The 8 Countries with the Lowest HDI (Human Development Index) Mozambique No
77%
The 8 Countries with the Highest Population Density Nauru No
77%
The 8 Countries with the Highest HDI (Human Development Index) Sweden Yes
77%
The 8 Countries with the Highest HDI (Human Development Index) Canada No
73%
The 8 Countries with the Lowest Population Density Iceland Yes
73%
The 8 Countries with the Highest Population Density Mauritius No
73%
The 8 Countries with the Highest Population Density Bahrain Yes
68%
The 8 Countries with the Lowest HDI (Human Development Index) Chad Yes
68%
The 8 Countries with the Lowest HDI (Human Development Index) Liberia No
68%
The 8 Countries with the Lowest HDI (Human Development Index) Eritrea No
64%
The 8 Countries with the Lowest Population Density Namibia Yes
64%
The 8 Countries with the Highest HDI (Human Development Index) New Zealand No
64%
The 8 Countries with the Highest HDI (Human Development Index) Australia Yes
59%
The 8 Countries with the Highest HDI (Human Development Index) Finland No
59%
The 8 Countries with the Lowest Population Density Botswana No
55%
The 8 Countries with the Lowest HDI (Human Development Index) Burkina Faso Yes
55%
The 8 Countries with the Lowest HDI (Human Development Index) Burundi Yes
55%
The 8 Countries with the Lowest HDI (Human Development Index) DRC No
55%
The 8 Countries with the Highest HDI (Human Development Index) Ireland Yes
55%
The 8 Countries with the Lowest HDI (Human Development Index) Mali Yes
55%
The 8 Countries with the Lowest Population Density Turkmenistan No
55%
The 8 Countries with the Highest HDI (Human Development Index) Denmark No
50%
The 8 Countries with the Lowest Population Density Kazakhstan No
50%
The 8 Countries with the Lowest Population Density Libya Yes
50%
The 8 Countries with the Highest Population Density Malta Yes
50%
The 8 Countries with the Highest Population Density Maldives Yes
45%
The 8 Countries with the Lowest Population Density Russia No
45%
The 8 Countries with the Highest Population Density South Korea No
45%
The 8 Countries with the Lowest Population Density Suriname Yes
45%
The 8 Countries with the Lowest HDI (Human Development Index) Yemen No
45%
The 8 Countries with the Highest Population Density San Marino No
41%
The 8 Countries with the Highest HDI (Human Development Index) Singapore No
41%
The 8 Countries with the Highest Population Density Lebanon Yes
36%
The 8 Countries with the Highest HDI (Human Development Index) Netherlands Yes
36%
The 8 Countries with the Highest Population Density Taiwan No
36%
The 8 Countries with the Highest HDI (Human Development Index) Germany Yes
32%
The 8 Countries with the Lowest Population Density Guyana Yes
32%
The 8 Countries with the Lowest HDI (Human Development Index) Sierra Leone Yes
32%
The 8 Countries with the Lowest Population Density Mauritania Yes
27%
The 8 Countries with the Lowest Population Density Canada No
18%
No matching quizzes found
Score Distribution
Percent of People with Each Score
Percentile by Number Answered
Your Score History
You have not taken this quiz